Statistics for 2023-2024 NBA all-star players

Click here to take the quiz!

General Stats

  • This quiz has been taken 102 times
  • The average score is 21 of 24

Answer Stats

HintAnswer% Correct
EastGiannis Antetokounmpo
100%
WestNikola Jokić
99%
EastJoel Embiid
98%
WestLeBron James
98%
WestLuka Dončić
95%
EastDamian Lillard
94%
WestStephen Curry
94%
WestKevin Durant
91%
WestShai Gilgeous-Alexander
91%
EastJayson Tatum
90%
WestAnthony Davis
89%
WestAnthony Edwards
89%
WestKawhi Leonard
89%
EastTyrese Haliburton
89%
EastJalen Brunson
88%
EastJaylen Brown
88%
EastTyrese Maxey
88%
WestDevin Booker
85%
WestKarl-Anthony Towns
85%
WestPaul George
83%
EastPaolo Banchero
80%
EastDonovan Mitchell
78%
EastJulius Randle
73%
EastBam Adebayo
71%

Score Distribution

Percentile by Number Answered

Percent of People with Each Score

Your Score History

You have not taken this quiz